Normal view
MARC view
- Davidson, Jack W.
Entry Personal Name
001 - CONTROL NUMBER
- control field: 55664
003 - CONTROL NUMBER IDENTIFIER
- control field: NUST
005 - DATE AND TIME OF LATEST TRANSACTION
- control field: 20210628201528.0
008 - FIXED-LENGTH DATA ELEMENTS
- fixed length control field: 210628|| aca||aabn | a|a d
040 ## - CATALOGING SOURCE
- Original cataloging agency: NUST
- Transcribing agency: NUST
100 ## - HEADING--PERSONAL NAME
- Personal name: Davidson, Jack W.
- Fuller form of name: (Jack Winfred)
670 ## - SOURCE DATA FOUND
- Source citation: Work cat.: (NUST): Cohoon, James P. 55663, Java program design , c2004.
